Islands of Macaronesia on a Map - Statistics

General Stats
  • This quiz has been taken 21 times
  • The average score is 15 of 36
Answers on the Map
Answers color-coded by a green-red scale on the quiz's map according to % correct below.
 
Answer Stats
Island Country Area (km²) Population % Correct
Tenerife Spain 2034 972,018
93%
Madeira Portugal 741 245,595
86%
Gran Canaria Spain 1560 862,893
79%
Lanzarote Spain 846 166,878
64%
Fuerteventura Spain 1660 124,152
57%
Corvo Portugal 17 435
50%
Fogo Cape Verde 476 35,837
50%
La Gomera Spain 370 22,361
50%
Santiago Cape Verde 991 151,436
50%
Boa Vista Cape Verde 631 14,451
43%
El Hierro Spain 269 11,659
43%
Flores Portugal 141 3,428
43%
La Palma Spain 708 84,338
43%
Pico Portugal 445 13,883
43%
Sal Cape Verde 220 39,700
43%
Santa Maria Portugal 97 5,408
43%
Santo Antão Cape Verde 785 38,200
43%
São Jorge Portugal 244 8,373
43%
São Miguel Portugal 745 133,295
43%
São Vicente Cape Verde 227 81,014
43%
Faial Portugal 173 14,334
36%
Graciosa Portugal 61 4,091
36%
La Graciosa Spain 29 734
36%
Maio Cape Verde 275 6,980
36%
Porto Santo Portugal 42 5,158
36%
Terceira Portugal 400 53,244
36%
Brava Cape Verde 63 5,698
29%
Bugio Portugal 3.1 0
29%
Deserta Grande Portugal 9.9 0
29%
Lobos Spain 4.7 0
29%
Santa Luzia Cape Verde 34 0
29%
São Nicolau Cape Verde 343 12,424
29%
Alegranza Spain 10 0
21%
Branco Cape Verde 2.8 0
21%
Raso Cape Verde 5.8 0
21%
Selvagem Grande Portugal 2.4 0
21%
No matching quizzes found
Score Distribution
Percent of People with Each Score
Percentile by Number Answered
Your Score History
You have not taken this quiz